000 00949nam a2200265Ia 4500
001 21802
005 20260320113314.0
008 260320s9999||||xx |||||||||||||| ||und||
020 _a9786123226152
041 _aESP
082 _a348.55
_bE41
100 _aElías Puelles, Ricardo N.,
_eAUT
245 0 _aDelitos contra la seguridad informatica :
_bacceso ilícito . Atentados contra la integridad y disponibilidad de datos y sistemas informáticos. Interceptación ilícita de datos informáticos. Abuso de dispositivos informáticos
246 _a
_5
_b
250 _aPrimera edición
260 _aLima :
_bInstituto Pacífico,
_c2025
300 _a778 páginas :
_bilustraciones, diagrámas ;
_c25 cm.
_e
440 _a
_n
_v
650 _aCIS
653 _aDerecho informático
654 _aDER
700 _a
_c
856 _uhttps://app-vlex-com.ucsp.lookproxy.com/
_zVéase además: Base de datos Vlex
942 _cLIB
_dJUS
_fMIP
_2ddc
_n
999 _c21802
_d21802